000 01212nam0a22003371 4500
001 RU\INFOCOMM_327\NLR\5000003579
005 20250613102817.0
035 _a(NLR Aleph) 009452114
090 _a8412531
_c8412531
100 _a20121204d1968 |||y0rusy50 ca
101 0 _aeng
102 _aRU
105 _ay z |||||
200 1 _aRelativistic two body problem and finite-difference calculus
_fV. G. Kadyshevsky, R. M. Mir-Kasimov, N. B. Skachkov
210 _aДубна
_d1968
215 _a25 с.
_d22 см
225 1 _aˆ[‰Издания]
_fОбъедин. ин-т ядерных исследований.; (Лаборатория теорет. физики)
_vЕ2-3949
309 _aОтпеч. множит. аппаратом
320 _aБиблиогр.: с. 24-25
686 _aФз-86
_2rubbk
686 _aˆ[‰В318.8.0]
_2rubbk
700 1 _9z06790
_aKadyševskij
_bV. G.
_f1937-
_gVladimir Georgievič
701 1 _aMir-Kasimov
_bR. M.
701 1 _9z07790
_aSkačkov
_bN. B.
790 1 _9z06700
_aKadyshevsky
_bV. G.
_4070
790 1 _9z07701
_aSkachkov
_bN. B.
_4070
801 1 _aRU
_bNLR
_c20121204
801 0 _aRU
_bINFOCOMM
_gPSBO
852 _aNLR
_jP11/3130
942 _cBOOK
980 _aNB